00856ngm a2200277 4500003000400000005001700004007000500021008004100026010002000067024004000087035002000127040001300147082001500160245006000175260001600235300004800251440001600299500002200315500002100337538004900358538009700407650001100504700002500515700001900540700001900559dpl20090112163432.0DVD ||||||sp199 xxu|||||c ||| 00| 0 ng d  aDVD-002088-2090 c390.00 for set of 4 CDSaTDIDE 458P aDVD-002088-2090 aDPLcDPL aDVD / GEET aGeeta - 3cTimes Music Presentsh[videorecording] DVD/ bTimes Music a1 compact disc ACD; bsd., c4 3/4 in.fACD aTimes Music aComplete in 4 ACD aChapter 10 to 13 aDolby Digital 5.1 - Hindi Subtitles: English aAnamorphic Wide Screen Format, Presented 2:35.1 Aspect Ratio Enhancaead for 16:9 Wide Screen aAudio  aGadaediya, Rama Hari aJain, Ravindra aWadkar, Suresh